| 000 | 005480000a22001810004500 | ||
|---|---|---|---|
| 090 |
_aAs _bSeriadas |
||
| 100 | 1 |
_aJaramillo Villa, Ursula _937481 |
|
| 700 | 1 |
_aMaldonado Ocampo, Javier _944643 |
|
| 700 | 1 |
_aBogotá Gregory, Juan David _95391 |
|
| 245 | 1 | 0 | _aPeces del oriente de Antioquia, Colombia |
| 041 | 0 | _aEspañol | |
| 650 | 1 | 4 |
_aIctiofauna _94606 |
| 650 | 1 | 4 |
_aDistribución geográfica _992997 |
| 650 | 1 | 4 |
_aTaxonomía _992343 |
| 650 | 1 | 4 |
_aListas de especies _928152 |
| 942 | _cARTICULO | ||
| 773 | 1 |
_tBiota Colombiana _h2 _q279-293 _d2008 _g9 |
|
| 999 |
_c16264 _d16264 |
||